Statistics for Actions by Picture - #1

Click here to take the quiz!

General Stats

  • This quiz has been taken 94 times
  • The average score is 18 of 18

Answer Stats

Answer% Correct
Climb
100%
Cry
100%
Listen
100%
Run
100%
Sit
100%
Drive
99%
Jump
99%
Kick
99%
Throw
99%
Write
99%
Dance
97%
Drink
97%
Eat
97%
Read
97%
Look
96%
Carry
92%
Yawn
92%
Act
87%

Score Distribution

Percentile by Number Answered

Percent of People with Each Score

Your Score History

You have not taken this quiz